| 000 | 01473 a2200229 4500 | ||
|---|---|---|---|
| 001 | 27330 | ||
| 005 | 20260407155549.0 | ||
| 008 | 260407a2012 arg spa d | ||
| 003 | AR-UNSa-BCEJYS | ||
| 040 |
_aAR-UNSa-BCEJYS _bspa _cAR-UNSa-BCEJYS |
||
| 080 |
_a338.2(8) _xPolítica económica. Control de la economía. gestión de la economía. planificación económica en América Latina |
||
| 245 | 1 | 0 |
_aLos fundamentos de la planificación del desarrollo en América Latina y el Caribe _ptextos seleccionados del ILPES (1962-1972) |
| 020 | _a978-92-1-221103-9 | ||
| 264 | 1 |
_aSantiago de Chile : _bCEPAL (Comisión Económica para América Latina y el Caribe) _c2012 |
|
| 300 |
_a190 p. _c22 cm. |
||
| 505 | _a1. Progresos en materia de planificación en América Latina - 2. Evolución y orientaciones del Instituto Latinoamericano de Planifiación Económica y Social - 3. Discusiones sobre planificación - 4. Reflexiones en torno a los problemas actuales de la planificación en América Latina - 5. Las reformas presupuestarias para la planificación en América Latina - 6. Evolución y perspectivas de los procesos de planificación en América Latina | ||
| 942 | _cBK | ||
| 590 | _aniveau_biblio:m niveau_hierar:0 | ||
| 100 | 1 | _aMartner, Ricardo | |
| 700 | 1 | _aMáttar, Jorge | |
| 856 | 4 | 1 |
_uhttps://biblioeco.unsa.edu.ar/pmb/images/libros/Los fundamentos de la planificaci?n del desarrollo en Am?rica Latina y el Caribe-l119726.jpg _yImagen de portada _qimage/jpeg |
| 999 |
_c1581 _d1581 |
||